000 00298nam a22001337a 4500
008 180913b xxu||||| |||| 00| 0 eng d
020 _a9780073404981
041 _aeng
080 _24 ED
_a338
100 _a53
101 _aMAN
245 _aStrategic Management
_cEisner.D.L
942 _2udc
_cBK
999 _c47726
_d47726